Ewidencja i analiza kosztów jakości w polskich i słowackich przedsiębiorstwach

Gespeichert in:
Bibliographische Detailangaben
1. Verfasser: Mizla, Martin, 1955-
Weitere Verfasser: Pudło, Patrycja
Format: Buchkapitel
Sprache:Polnisch
Schlagworte:
Tags: Tag hinzufügen
Keine Tags, Fügen Sie das erste Tag hinzu!

MARC

LEADER 00000naa$a2200000$$$4500
001 0080579
005 20240502083217.6
041 0 |a pol 
044 |a PL 
245 1 0 |a Ewidencja i analiza kosztów jakości w polskich i słowackich przedsiębiorstwach  |c Martin Mizla, Patrycja Pudło 
610 2 0 |a kvalita 
610 2 0 |a normy ISO 
610 2 0 |a konkurencieschopnosť 
610 2 0 |a prieskum štatistický 
610 2 0 |a Poľsko 
610 2 0 |a Slovensko 
100 1 |a Mizla, Martin, 1955- 
700 1 |a Pudło, Patrycja